Chaotic transitions in deterministic and stochastic dynamical systems : applications of Melnikov processes in engineering, physics, and neuroscience
Αποθηκεύτηκε σε:
| Κύριος συγγραφέας: | |
|---|---|
| Μορφή: | Βιβλίο |
| Γλώσσα: | English |
| Δημοσίευση: |
Princeton :
Princeton University Press,
2002
|
| Σειρά: | Princeton series in applied mathematics
|
| Θέματα: | |
| Ετικέτες: |
Προσθήκη ετικέτας
Δεν υπάρχουν, Καταχωρήστε ετικέτα πρώτοι!
|
MARC
| LEADER | 00000nam a2200000 i 4500 | ||
|---|---|---|---|
| 001 | 1/76141 | ||
| 008 | 080227s2002 eng d | ||
| 020 | |a 0-691-05094-5 | ||
| 035 | |l 10095101 | ||
| 040 | |a GR-MY-UA |b gre |e aacr | ||
| 041 | 0 | |a eng | |
| 082 | 0 | |a 515.352 |2 (22) | |
| 100 | 1 | |a Simiu, Emil. | |
| 245 | 1 | 0 | |a Chaotic transitions in deterministic and stochastic dynamical systems : |b applications of Melnikov processes in engineering, physics, and neuroscience / |c Emil Simiu |
| 260 | |a Princeton : |b Princeton University Press, |c 2002 | ||
| 300 | |a xiv, 224 σ.; |b εικ.; |c 24 εκ. | ||
| 490 | 1 | |a Princeton series in applied mathematics | |
| 504 | |a Βιβλιογραφία: σ. 215-220 | ||
| 504 | |a Ευρετήριο: σ. 221-224 | ||
| 650 | 0 | 0 | |a Differentiable dynamical systems. |
| 650 | 0 | 0 | |a Chaotic behavior in systems. |
| 650 | 0 | 0 | |a Stochastic systems. |
| 830 | 0 | |a Princeton series in applied mathematics | |
| 852 | |a INST |b LESVOS |e 20080227 |h 515.352 SIM |p 005100040087 |q 005100040087 |t BK |y 0 | ||
| 901 | |a BIBL1-2008-1 | ||
| 909 | |a Λ |b 143322 | ||
| 922 | |a 1ΕΛΗ |b 200712 |c ΕΠΕΑΕΚ2/ΤΕΘ |d ΠΑΠΑΣΩΤΗΡΙΟΥ | ||
| 970 | |a ΚΑΡΑ |b ΓΙΑΣΕΜΗ |z 2008/02/27 | ||